000 00307 a2200085 4500
999 _c20844
_d20844
003 WA 310
005 20211222122742.0
008 211222s2001 pl a|||f u||| 000 0dpol d
020 _a8323669848
040 _aWA 310
_cWA 310
041 _apol
_heng
245 0 0 _aElektroniczne urządzenia foniczne, wizyjne i podobne - Wymagania bezpieczeństwa użytkowania =
_bAudio, video and similar electronic apparatus - Safety requirements (IEC 60065:1998, modified) PN-EN 60065:2001P /
_cNKP nr 103.
246 1 3 _aPN-EN 60065
246 1 3 _aICS 33.160.01, 97.020, 97.030
246 1 3 _aPolska Norma
246 3 1 _aAudio, video and similar electronic apparatus - Safety requirements (IEC 60065:1998, modified)
260 _aWarszawa :
_bPKN,
_c2001.
300 _a142 stron :
_bilustracje ;
_c30 cm.
336 _2rdacontent
_aTekst
_btxt
337 _2rdamedia
_aBez urządzenia pośredniczącego
_bn
338 _2rdacarrier
_aWolumin
_bnc
500 _aWprowadza EN 60065:1998+AC:1999, IDT ; Zastępuje PN-IEC 65+A#:1998 ; Zatwierdzona 15 października 2001 r.
500 _aNorma Europejska EN 60065:1998 [...] ma status Polskiej Normy.
504 _aBibliografia na stronie 123.
590 _6Status: wycofana ; Zastąpiona przez PN-EN 60065:2003 wersja angielska.
710 _91107
_aPolska.
_bPolski Komitet Normalizacyjny.
_eInstytucja sprawcza
_eWydawca
920 _a83-236-6984-8
942 _2ddc
_cBK